Las vacaciones de Franz (Registro nro. 5651)

Detalles MARC
000 -CABECERA
Longitud fija campo de control 01642nam a2200397Ia 4500
005 - • FECHA Y HORA DE LA ÚLTIMA TRANSACCIÓN
Fecha y hora de la última transacción 20220317001014.0
008 - • CÓDIGOS DE INFORMACIÓN DE LONGITUD FIJA
Códigos de información de longitud fija 160825s2008 ck a g 000 0 spa
020 ## - • NÚMERO INTERNACIONAL NORMALIZADO PARA LIBROS
Número Internacional Normalizado para Libros (ISBN) 97895804193012
040 ## - FUENTE DE LA CATALOGACIÓN
Centro catalogador de origen CO-BoRNBP
Lengua de catalogación spa
Normas de descripción rda
Centro transcriptor CO-BoRNBP
084 ## - • Clasificación Local Alfanúmerica PNLB
Número de clasificación C NOS1
100 1# - • PUNTO DE ACCESO PRINCIPAL-NOMBRE DE PERSONA
Nombre de persona Nöstlinger, Christina
Fechas asociadas al nombre 1936-
245 14 - • TITULO PROPIAMENTE DICHO
Título Las vacaciones de Franz
Mención de responsabilidad, etc. Christine Nöstlinger ; traducido por Rafael Arteaga ; ilustrado por de Erhard Dietl
250 ## - • MENCIÓN DE EDICIÓN
Mención de edición 1a. edición
264 ## - PRODUCCIÓN, PUBLICACIÓN , DISTRIBUCIÓN, FABRICACIÓN Y COPYRIGHT
Lugar de producción, publicación, distribución, fabricación Bogotá
Nombre del productor, editor, distribuidor, fabricante Norma
Fecha de de producción, publicación, distribución, fabricación o copyright 2008
300 ## - • DESCRIPCIÓN FÍSICA
Extensión 69 páginas
Otras características físicas ilustraciones en blanco y negro
Dimensiones 18 cm
336 ## - TIPO DE CONTENIDO
Término de tipo de contenido texto
Código de tipo de contenido txt
Fuente rdacontent
337 ## - TIPO DE MEDIO
Nombre del tipo de medio sin mediación
Código del tipo de medio n
Fuente rdamedia
338 ## - TIPO DE SOPORTE
Nombre del tipo de soporte volumen
Código del tipo de soporte nc
Fuente rdacarrier
490 ## - • MENCIÓN DE SERIE
Mención de serie Torre de papel
Nombre de la parte/sección (NR) roja
505 ## - • NOTA DE CONTENIDO CON FORMATO
Nota de contenido con formato Lo que hay que saber acerca de Franz ; Las cosas que alegran a Franz ; Franz se queda en distintos lugares ; De cómo solucionó Franz su problema ; La huelga de Franz ; De cómo se vengó Franz
521 ## - • NOTA DE PÚBLICO DESTINATARIO
Nota público destinatario (R ) Recomendado a partir de 7 años
586 ## - • NOTA DE PREMIOS
Nota de premios Premio Hans Christian Andersen 1984<br/>
650 14 - • PUNTO DE ACCESO ADICIONAL DE MATERIA - T&Eacute;RMINO DE MATERIA
Fuente del encabezamiento o término LEMB
Término de materia o nombre geográfico como elemento inicial Cuentos infantiles austriacos
Subdivisión cronológica Siglo XX
650 14 - • PUNTO DE ACCESO ADICIONAL DE MATERIA - T&Eacute;RMINO DE MATERIA
Fuente del encabezamiento o término LEMB
Término de materia o nombre geográfico como elemento inicial Literatura infantil austriacos
Subdivisión cronológica Siglo XX
650 14 - • PUNTO DE ACCESO ADICIONAL DE MATERIA - T&Eacute;RMINO DE MATERIA
Fuente del encabezamiento o término LEMB
Término de materia o nombre geográfico como elemento inicial Vacaciones en la literatura
650 14 - • PUNTO DE ACCESO ADICIONAL DE MATERIA - T&Eacute;RMINO DE MATERIA
Fuente del encabezamiento o término LEMB
Término de materia o nombre geográfico como elemento inicial Niños en la literatura
700 1# - • PUNTO DE ACCESO ADICIONAL - NOMBRE DE PERSONA
Nombre de persona Dietl, Erhard
Fechas asociadas al nombre 1953-
700 1# - • PUNTO DE ACCESO ADICIONAL - NOMBRE DE PERSONA
Nombre de persona Arteaga, Rafael
740 ## - • PUNTO DE ACCESO ADICIONAL - T&Iacute;TULO RELACIONADO O ANAL&Iacute;TICO NO CONTROLADO
Título relacionado o analítico no controlado De cómo se vengó Franz
740 02 - • PUNTO DE ACCESO ADICIONAL - T&Iacute;TULO RELACIONADO O ANAL&Iacute;TICO NO CONTROLADO
Título relacionado o analítico no controlado De cómo solucionó Franz su problema
740 02 - • PUNTO DE ACCESO ADICIONAL - T&Iacute;TULO RELACIONADO O ANAL&Iacute;TICO NO CONTROLADO
Título relacionado o analítico no controlado Franz se queda en distitntos lugares
740 32 - • PUNTO DE ACCESO ADICIONAL - T&Iacute;TULO RELACIONADO O ANAL&Iacute;TICO NO CONTROLADO
Título relacionado o analítico no controlado La huelga de Franz
740 42 - • PUNTO DE ACCESO ADICIONAL - T&Iacute;TULO RELACIONADO O ANAL&Iacute;TICO NO CONTROLADO
Título relacionado o analítico no controlado Las cosas que alegran a Franz
740 02 - • PUNTO DE ACCESO ADICIONAL - T&Iacute;TULO RELACIONADO O ANAL&Iacute;TICO NO CONTROLADO
Título relacionado o analítico no controlado Lo que hay que saber acerca de Franz
942 ## - ENTRADA DE ELEMENTOS AGREGADOS (KOHA)
Fuente de clasificaión o esquema
Koha [por defecto] tipo de item Libro Infantil

No hay ítems disponibles.










Instituto Departamental de Cultura del Meta - Red Departamental de Bibliotecas Públicas del Meta.